000 00698nam a2200289Ia 4500
001 8245
008 191123s9999 xx 000 0 und d
041 _aeng
044 _ait
100 _aDe-Mauri, L.,
245 0 _aVinovo and its Porcelain.
260 _aMilán :
_bPiantanida Valcarenghi,
_c1923.
300 _a39 p. + 30 láminas
500 _aDonación del profesor Héctor Schenone
504 _abibliografía pp. 35-36
650 _aARQUITECTURA
650 _aESTATUILLAS
650 _aPORCELANA
902 _aM
903 _am
904 _am
907 _aimpreso
911 _ailustrado blanco y negro ; 25 cm
912 _a1923
942 _cLIBRO
999 _c5940
_d5940